000 01354nam a2200301 4500
003 OSt
005 20260414025805.0
008 260407b |||||||| |||| 00| 0 eng d
040 _bEnglish.
_cCvSU-CCAT Campus Library.
_erda.
050 _aUM HD 9000.5
_bC36 2023
100 _aCamia, Livnie Dhey E., author.
_920255
245 _aThe challenges of fruit suppliers in selected public market of Cavite/
_cLivnie Dhey E. Camia, Olive Grace M. Herrera, Teddy Boy S. Solis
260 _aRosario, Cavite :
_bCavite State University-CCAT Campus,
_c2023
300 _axii, 89 leaves :
_billustrations ;
_c28 cm
500 _aUndergraduate Thesis (BSBA) -- Cavite State University-CCAT Campus, 2023.
504 _aIncludes bibliographical references and appendices.
546 _aIn English text
650 _aFruit trade -- Philippines
_920256
650 _aAgricultural marketing -- Philippines
_920257
650 _aProduct trade -- Transportation -- Cavite, Philippines
_920258
650 _aCommerce -- Cavite, Philippines
_918868
700 _aHerrera, Olive Grace M., author.
_920259
700 _aSolis, Teddy Boy S., author.
_920260
700 _aAmbas, Arman M., adviser.
_96624
700 _aPerez, Richard P., technical critic.
_96693
942 _2lcc
_cT/M/D
_hHD 9000.5 C36 2023
_kUM
999 _c5131
_d5131